Jingle/Slogan Quiz - Statistics

General Stats
  • This quiz has been taken 226 times
  • The average score is 20 of 36
Answer Stats
Jingle/Slogan Company % Correct
The Snack That Smiles Back Goldfish
86%
I'm Lovin' It McDonalds
83%
Just Do It Nike
81%
Taste The Rainbow Skittles
81%
I Love Me ____ _____, They're Magically Delicious Lucky Charms
76%
___ ____ Gives You Wings Red Bull
76%
We Have The Meats Arby's
74%
They're G-r-r-r-r-eat Frosted Flakes
73%
Eat Fresh Subway
67%
The Quicker Picker Upper Bounty
66%
Liberty, Liberty, Liberty, Liberty Liberty Mutual
66%
Love That Chicken From _______ Popeyes
64%
I'm cuckoo for _____ _____ Cocoa Puffs
61%
Snap! Crackle! Pop! Rice Krispies
61%
Have A Break, Have A _______ Kit-Kat
60%
Pizza Pizza Little Caesar's
60%
Are You In Good Hands? All State
59%
Oh Yeah Kool Aid
59%
Dangerously Cheesy Cheetos
53%
The Happiest Place On Earth Disneyland
53%
I'm a Big Kid Now Pull-Ups
53%
For a Great Low Rate You Can Get Online, Go To The _______ And Save Some Time The General
51%
Let's Go Places Toyota
51%
Ni-ni-ni-ni-ni-ni-ni-nick, _________ Nickelodeon
50%
Where A Kid Can Be A Kid Chuck-E-Cheese
49%
Melts In Your Mouth, Not In You Hands M&M's
47%
Easy, Breezy, Beautiful ________ CoverGirl
40%
It's ____ Or Nothing Nerf
40%
If It's Clean, It's Got To Be ____ Tide
39%
Every Kiss Begins With ___ Kay Jewelers
37%
The Best A Man Can Get Gillette
31%
A Family Company SC Johnson
30%
Go Further Ford
26%
Who Says No To ______ Gum? Mentos
23%
The Best Or Nothing Mercedes-Benz
23%
___ ____, A Better Way To Go Car Toys
20%
No matching quizzes found
Score Distribution
Percent of People with Each Score
Percentile by Number Answered
Your Score History
You have not taken this quiz